The World Bank and the environmental challenge / (Record no. 6378)

MARC details
000 -LEADER
fixed length control field 01093pam a2200301 a 4500
001 - CONTROL NUMBER
control field 1022544
003 - CONTROL NUMBER IDENTIFIER
control field OSt
005 - DATE AND TIME OF LATEST TRANSACTION
control field 20210923134816.0
008 - FIXED-LENGTH DATA ELEMENTS--GENERAL INFORMATION
fixed length control field 880930s1989 paua b 001 0 eng
010 ## - LIBRARY OF CONGRESS CONTROL NUMBER
LC control number 88042825
020 ## - INTERNATIONAL STANDARD BOOK NUMBER
International Standard Book Number 0941664988 (alk. paper)
040 ## - CATALOGING SOURCE
Original cataloging agency DLC
Transcribing agency HU
Modifying agency DLC
043 ## - GEOGRAPHIC AREA CODE
Geographic area code d------
050 00 - LIBRARY OF CONGRESS CALL NUMBER
Classification number HG3881.5.W57
Item number L4 1989
082 00 - DEWEY DECIMAL CLASSIFICATION NUMBER
Classification number 332.1/532
Edition number 19
100 1# - MAIN ENTRY--PERSONAL NAME
Personal name Le Prestre, Philippe G.
9 (RLIN) 6664
245 14 - TITLE STATEMENT
Title The World Bank and the environmental challenge /
Statement of responsibility, etc. Philippe Le Prestre.
260 ## - PUBLICATION, DISTRIBUTION, ETC.
Place of publication, distribution, etc. Selinsgrove :
Name of publisher, distributor, etc. Susquehanna University Press ;
Place of publication, distribution, etc. London :
Name of publisher, distributor, etc. Associated University Presses,
Date of publication, distribution, etc. c1989.
300 ## - PHYSICAL DESCRIPTION
Extent 263 p. :
Other physical details ill. ;
Dimensions 24 cm.
500 ## - GENERAL NOTE
General note Includes index.
504 ## - BIBLIOGRAPHY, ETC. NOTE
Bibliography, etc. note Bibliography: p. [239]-253.
610 20 - SUBJECT ADDED ENTRY--CORPORATE NAME
Corporate name or jurisdiction name as entry element World Bank
Geographic subdivision Developing countries.
9 (RLIN) 6665
650 #0 - SUBJECT ADDED ENTRY--TOPICAL TERM
Topical term or geographic name entry element Development banks
Geographic subdivision Developing countries.
9 (RLIN) 6666
650 #0 - SUBJECT ADDED ENTRY--TOPICAL TERM
Topical term or geographic name entry element Environmental policy
Geographic subdivision Developing countries.
9 (RLIN) 6667
650 #0 - SUBJECT ADDED ENTRY--TOPICAL TERM
Topical term or geographic name entry element Economic development projects
General subdivision Environmental aspects
Geographic subdivision Developing countries.
9 (RLIN) 6668
906 ## - LOCAL DATA ELEMENT F, LDF (RLIN)
a 7
b cbc
c orignew
d 1
e ocip
f 19
g y-gencatlg
942 ## - ADDED ENTRY ELEMENTS (KOHA)
Source of classification or shelving scheme Dewey Decimal Classification
Koha item type Books like text book referance book
Suppress in OPAC No
Holdings
Withdrawn status Lost status Source of classification or shelving scheme Damaged status Not for loan Collection code Home library Current library Shelving location Date acquired Total Checkouts Full call number Barcode Date last seen Copy number Price effective from Koha item type
    Dewey Decimal Classification     Reference Wondo Genet Library Wondo Genet Library Book Cart 09/23/2021   332.1/532 PRE 1989 WGCFNRL00000301 09/23/2021 1 09/23/2021 Books like text book referance book